La condition des homosexuels /
Gespeichert in:
| 1. Verfasser: | |
|---|---|
| Format: | Buch |
| Sprache: | Französisch |
| Veröffentlicht: |
Toulouse :
Editions Privat,
c1982
|
| Schriftenreihe: | Epoque
|
| Tags: |
Keine Tags, Fügen Sie das erste Tag hinzu!
|
MARC
| LEADER | 00000nam a22000007i 4500 | ||
|---|---|---|---|
| 001 | IT\ICCU\UBO\1698729 | ||
| 003 | ItRI | ||
| 005 | 20260115231839.0 | ||
| 008 | 020607s1982 fr |||||| ||||| |||||c | ||
| 020 | |a 2708912437 | ||
| 040 | |b ita |c importazione bologna sebina | ||
| 041 | 7 | |a fre |2 ISO-639-2 | |
| 100 | 1 | |a Baudry, Andre |0 IT\ICCU\RAVV\050328 |4 aut | |
| 245 | 1 | 3 | |a La condition des homosexuels / |c André Baudry. |
| 260 | |a Toulouse : |b Editions Privat, |c c1982 | ||
| 300 | |a 238 p. ; |c 21 cm. | ||
| 830 | 0 | |a Epoque |0 IT\ICCU\PUV\0662573 | |
| 942 | |2 ddc |c BK |n 0 | ||
| 952 | |0 0 |1 0 |4 0 |6 DOC_306_766000000000000_BAU |7 0 |9 14143 |a BO |b BO |d 2026-01-15 |i 1625 |l 0 |o DOC 306.766 BAU |p BO1625 |r 2026-01-15 23:18:39 |w 2026-01-15 |x [Sebina 5] [1 v.] |y BK |z 1 v. | ||
| 999 | |c 12200 |d 12200 | ||